Atlas de sexualidad / (Registro nro. 38503)

Detalles MARC
000 -CABECERA
Longitud fija campo de control 00971cam a2200289 i 4500
003 - • IDENTIFICADOR DELl NÚMERO DE CONTROL
Identificador del número de control CO-BoRNBP
005 - • FECHA Y HORA DE LA ÚLTIMA TRANSACCIÓN
Fecha y hora de la última transacción 20241022091211.0
007 - • CAMPO FIJO DE DESCRIPCIÓN FÍSICA
Campo fijo de descripción física ta
008 - • CÓDIGOS DE INFORMACIÓN DE LONGITUD FIJA
Códigos de información de longitud fija 160415s1996 ck ado gr 000 0 spa d
020 ## - • NÚMERO INTERNACIONAL NORMALIZADO PARA LIBROS
Número Internacional Normalizado para Libros (ISBN) 9589261280
020 ## - • NÚMERO INTERNACIONAL NORMALIZADO PARA LIBROS
Número Internacional Normalizado para Libros (ISBN) 9789589261286
040 ## - FUENTE DE LA CATALOGACIÓN
Centro catalogador de origen CO-BoUNC
Lengua de catalogación spa
Normas de descripción rda
Centro transcriptor CO-BoUNC
082 04 - • NÚMERO DE LA CLASIFICACIÓN DECIMAL DEWEY
Número de clasificación (R) 612.6
Número del ítem O87a
Número de edición 21
100 1# - • PUNTO DE ACCESO PRINCIPAL-NOMBRE DE PERSONA
Nombre de persona Otero Camprubí, Aurora
Fechas asociadas al nombre 1939-
Término indicativo de función autor
245 10 - • TITULO PROPIAMENTE DICHO
Título Atlas de sexualidad /
Mención de responsabilidad, etc. Aurora Otero.
250 ## - • MENCIÓN DE EDICIÓN
Mención de edición 1a. edición
264 #1 - PRODUCCIÓN, PUBLICACIÓN , DISTRIBUCIÓN, FABRICACIÓN Y COPYRIGHT
Lugar de producción, publicación, distribución, fabricación Santafé de Bogotá
Nombre del productor, editor, distribuidor, fabricante Programa Educativo Visual
-- Iatros
Fecha de de producción, publicación, distribución, fabricación o copyright 1996
300 ## - • DESCRIPCIÓN FÍSICA
Extensión 92 páginas :
Otras características físicas ilustraciones, diagramas, fotos ;
Dimensiones 35 cm.
336 ## - TIPO DE CONTENIDO
Término de tipo de contenido texto
Código de tipo de contenido txt
Fuente rda contenido
337 ## - TIPO DE MEDIO
Nombre del tipo de medio sin mediación
Código del tipo de medio n
Fuente rda medio
338 ## - TIPO DE SOPORTE
Nombre del tipo de soporte volumen
Código del tipo de soporte nc
Fuente rda soporte
504 ## - • NOTA DE BIBLIOGRAFÍA, ETC
Nota de bibliografía, etc. Incluye índices
650 17 - • PUNTO DE ACCESO ADICIONAL DE MATERIA - TÉRMINO DE MATERIA
Término de materia o nombre geográfico como elemento inicial Educación sexual
Subdivisión de forma Atlas
Fuente del encabezamiento o término LEMB
650 17 - • PUNTO DE ACCESO ADICIONAL DE MATERIA - TÉRMINO DE MATERIA
Término de materia o nombre geográfico como elemento inicial Sexualidad
Subdivisión de materia general Enseñanza
Subdivisión de forma Atlas
Fuente del encabezamiento o término LEMB
650 17 - • PUNTO DE ACCESO ADICIONAL DE MATERIA - TÉRMINO DE MATERIA
Término de materia o nombre geográfico como elemento inicial Enfermedades de transmisión sexual
Subdivisión de forma Atlas
Fuente del encabezamiento o término LEMB
942 ## - ENTRADA DE ELEMENTOS AGREGADOS (KOHA)
Fuente de clasificaión o esquema Dewey Decimal Classification
Koha [por defecto] tipo de item LIbro
Existencias
Perdido Fuente de clasificación o esquema Estado Físico No para préstamo Forma de adquisición Localización permanente Localización actual Localización en estanterías Fecha adquisición Préstamos totales Signatura completa Código de barras Fecha última consulta Número de copia Fecha del precio de reemplazo Tipo de item de Koha Note pública
        Sala de Referencia Maruja Hernández de Gil Biblioteca Pública Departamental Eduardo Carranza - Villavicencio Biblioteca Pública Departamental Eduardo Carranza - Villavicencio Referencia 01/23/2018   R 612.6 C83a ECA26477 11/26/2024 Ej.1 11/26/2024 LIbro 19840 | 25519
  Dewey Decimal Classification     Colección General Biblioteca Pública Guamal Biblioteca Pública Guamal Referencia 10/22/2024   R 612.6 O87a GUA004355 10/22/2024 Ej.1 10/22/2024 Libro Referencia  









Instituto Departamental de Cultura del Meta - Red Departamental de Bibliotecas Públicas del Meta.